000 00374nam a22001457a 4500
003 NUST
005 20230327092255.0
008 230327b ||||| |||| 00| 0 eng d
020 _a9693519663
082 _a891.4392,ASH
245 _aBanda e Zamana /
_cAshfaq Ahmad
260 _aLahore
_bSang e meel Publication
_c2007
300 _a360p.
942 _2ddc
_cBK
_k891.4392,ASH
999 _c594304
_d594304